书目信息 |
| 题名: |
德国伟大的诗人
|
|
| 作者: | 高中甫 著 | |
| 分册: | ||
| 出版信息: | 北京 北京出版社 1981 |
|
| 页数: | 196页 | |
| 开本: | 19cm | |
| 丛书名: | 外国文学知识丛书 | |
| 单 册: | ||
| 中图分类: | I516.55 | |
| 科图分类: | ||
| 主题词: | ||
| 电子资源: | ||
| ISBN: | ||
| 000 | 00690nam2 2200253 45 | |
| 001 | 0181010136 | |
| 005 | 20060913104912.62 | |
| 010 | @dCNY0.53 | |
| 091 | @aCN@b10071.358 | |
| 100 | @a19950422d1981 em y0chiy0121 ea | |
| 101 | 0 | @achi |
| 102 | @aCN@b110000 | |
| 105 | @ay z 000yb | |
| 200 | 10 | @a德国伟大的诗人@Ade guo wei da de shi ren@e歌德@f高中甫著 |
| 210 | @a北京@c北京出版社@d1981 | |
| 215 | @a196页@d19cm | |
| 225 | 2 | @a外国文学知识丛书 |
| 410 | 0 | @120010@a外国文学知识丛书 |
| 600 | 1 | @a歌德@bJ.W.V.@x传记 |
| 690 | @aI516.55 | |
| 701 | 0 | @a高中甫@Agao zhong fu@4著 |
| 801 | 2 | @aCN@bNLC@c20060913 |
| 801 | 0 | @aCN@b上海图书馆@c20040412 |
| 905 | @f1@b56208@dI516.55@e496 | |
| 德国伟大的诗人:歌德/高中甫著.-北京:北京出版社,1981 |
| 196页;19cm.-(外国文学知识丛书) |
| ISBN :CNY0.53 |
| ● |
| 相关链接 |
|
|
|
|
正题名:德国伟大的诗人
索取号:I516.55/496
 
预约/预借
| 序号 | 登录号 | 条形码 | 馆藏地/架位号 | 状态 | 备注 |
| 1 | 0056208 | 000329692 | 第二借阅区/ [索取号:I516.55/496] | 在馆 | |
| 2 | 0056209 | 000329656 | 第二借阅区/ [索取号:I516.55/496] | 在馆 | |
| 3 | 0475527 | 204755274 | 密集书库/ [索取号:I516.55/496] | 在馆 |